00380nam a2200133Ia 4500003000400000005001700004008004100021040000900062082001500071100001800086245009800104260003500202300000900237OSt20210122114052.0190216s9999||||xx |||||||||||||| ||und|| coclc a001bPUR/E aPuri, Gopal G 0aExcepted Questions On General Studies / General Knowledge For IAS Examination /cGopal G Puri bIIMS Publications,aNew Delhi: a157p